| 000 | 00739nam a2200229Ia 4500 | ||
|---|---|---|---|
| 999 |
_c50389 _d50389 |
||
| 001 | 17332 | ||
| 003 | GE_BSU | ||
| 005 | 20210125134152.0 | ||
| 008 | 181216s2009||||gw |||||||||||||| ||gmh|| | ||
| 020 | _a9783468474835 | ||
| 040 | _cGE_BSU | ||
| 041 | _agmh | ||
| 080 | _a811.112 | ||
| 100 |
_aFrohlich, Birgitta _910080 |
||
| 245 |
_aAspekte. Mittelstufe Deutsch. Lehrerhandreichungen. 2. Niveau B2 : _bLehrerhandreichungen / _cBirgitta Frohlich. |
||
| 264 |
_aBerlin : _blangenscheidt, _c2009. |
||
| 300 | _a152 p. | ||
| 653 | _aAspekte. Mittelstufe Deutsch. Lehrerhandreichungen. 2. Niveau B2 | ||
| 653 | _aLehrerhandreichungen | ||
| 653 | _aგერმანული ენა (გრამატიკა) | ||
| 942 |
_cBK _2udc |
||